Govt. of
Madhya Pradesh

NTA UGC NET/JRF/SET Political Science Solved Papers 2022-2012 (Record no. 66198)

MARC details
000 -LEADER
fixed length control field 00294nam a22001097a 4500
082 ## - DEWEY DECIMAL CLASSIFICATION NUMBER
Classification number 320
100 ## - MAIN ENTRY--AUTHOR NAME
Personal name Raj,Rohit
245 ## - TITLE STATEMENT
Title NTA UGC NET/JRF/SET Political Science Solved Papers 2022-2012
260 ## - PUBLICATION, DISTRIBUTION, ETC. (IMPRINT)
Place of publication Meerut UP
Name of publisher Arihant Publication
Year of publication 2023
650 ## - SUBJECT ADDED ENTRY--TOPICAL TERM
Topical Term Political Science
942 ## - ADDED ENTRY ELEMENTS (KOHA)
Koha item type Books
Holdings
Withdrawn status Lost status Damaged status Not for loan Home library Current library Date acquired Cost, normal purchase price Full call number Accession Number Price effective from Koha item type
        MACL MACL 25/10/2023 435.00 320 DPI001450 25/10/2023 Books